000
00326nam a2200133Ia 4500
008
240624s9999 xx 000 0 und d
041
_a
eng
082
_a
823 FRA
100
_a
FRANCIS FELIX
245
_a
GAMBLE A DICK FRANCIS NOVEL
260
_c
2011
_a
New Delhi
_b
Penguin
300
_a
418 : p. : cm. ; 23
365
_c
RS
_b
25
999
_c
19900
_d
19900